000 00599nam a2200229Ia 4500
003 OSt
005 20220926042500.0
006 a|||||r|||| 00| 0
007 ta
008 220923b |||||||| |||| 00| 0 eng d
037 _cGeneral Book
040 _aRTL
_cRTL
_beng
041 _2eng
_aeng
082 _aX8191:(Z3), J9
100 _aTaylor Herbert
_9346331
245 0 _aFire insurance law Ed by J K Jones
250 _aEd 2nd
260 _c1959
650 _aAccident Insurance
_9240924
942 _hX8191:(Z3), J9
_cGB
_2CC
999 _c669850
_d669850